000 00426nam a22001817a 4500
003 MPLRDC
005 20220104125434.0
008 210129b ||||| |||| 00| 0 eng d
082 _a857.7 WZJa
100 _a王兆军
245 _a盲流世家
_c
250 _a一版一刷
260 _a
_b作家出版社
_c1987
300 _b
490 _a当代小说文库
650 _a长篇小说
942 _cBK
_o857.7 WZJa
999 _c27376
_d27366